[Event "SVK-Cup13 fin email"]
[Site "Slovakia"]
[Date "2004.??.??"]
[Round "34"]
[White "Cacko, Jozef"]
[Black "Gajarsky, Martin"]
[Result "1-0"]
[WhiteElo "2278"]
[BlackElo "2069"]
[PlyCount "35"]
[EventDate "2003.??.??"]
[EventType "tourn (corr)"]
[EventRounds "14"]
[EventCountry "SVK"]
[SourceTitle "Corr 2006"]
[Source "ChessBase"]
[SourceDate "2006.04.01"]
[SourceVersion "3"]
[SourceVersionDate "2006.04.01"]
[SourceQuality "1"]

1. e4 e5 2. Nf3 Nc6 3. Bc4 Nf6 4. d3 Be7 5. 0-0 0-0 6. a4 d5 7. exd5 Nxd5 8. h3 Be6 9. a5 a6 10. Re1 Qd6 11. c3 Rad8 12. Qb3 b5 13. axb6 cxb6 14. Rxa6 Na5 15. Qa2 Nc7 16. Ra7 Nxc4 17. Qxc4 f6 18. Qxc7 1-0

[Event "SVK-Cup13 fin email"]
[Site "Slovakia"]
[Date "2004.??.??"]
[Round "35"]
[White "Gajarsky, Martin"]
[Black "Vrana, Lubomir"]
[Result "1/2-1/2"]
[WhiteElo "2065"]
[BlackElo "2115"]
[PlyCount "97"]
[EventDate "2003.??.??"]
[EventType "tourn (corr)"]
[EventRounds "14"]
[EventCountry "SVK"]
[SourceTitle "Corr 2006"]
[Source "ChessBase"]
[SourceDate "2006.04.01"]
[SourceVersion "3"]
[SourceVersionDate "2006.04.01"]
[SourceQuality "1"]

1. e4 e5 2. Nf3 Nc6 3. Bb5 a6 4. Ba4 Nf6 5. 0-0 Be7 6. Re1 b5 7. Bb3 d6 8. c3 0-0 9. h3 Re8 10. d4 Bb7 11. Nbd2 Bf8 12. a4 h6 13. Bc2 b4 14. d5 Ne7 15. c4 a5 16. Nb3 c5 17. Be3 Ng6 18. Bd3 Nh5 19. Bf1 Bc8 20. Kh2 Bd7 21. Nbd2 Rb8 22. b3 Nf6 23. Bd3 Be7 24. Nf1 Nh7 25. Ng3 Nh4 26. Ra2 Nxf3+ 27. Qxf3 Bg5 28. Nf5 Qf6 29. Rae2 Bxe3 30. Rxe3 Bxf5 31. exf5 Qg5 32. Qg3 Qxg3+ 33. Kxg3 Nf6 34. Kf3 Rf8 35. g4 g5 36. h4 gxh4 37. Rh1 Kh7 38. Rxh4 Rg8 39. Kg3 Rbe8 40. Be2 Rg5 41. f4 exf4+ 42. Kxf4 Rgg8 43. Rhh3 Kg7 44. Bd1 Rxe3 45. Rxe3 Re8 46. Rxe8 Nxe8 47. Be2 Kf6 48. Bf3 Nc7 49. Be4 1/2-1/2

[Event "SVK-Cup13 G7 corr"]
[Site "Slovakia"]
[Date "2002.02.09"]
[Round "?"]
[White "Gajarsky, Martin"]
[Black "Kuchyna, Stanislav"]
[Result "1-0"]
[WhiteElo "2025"]
[BlackElo "2214"]
[PlyCount "31"]
[EventDate "2002.02.01"]
[EventType "tourn (corr)"]
[EventRounds "12"]
[EventCountry "SVK"]
[SourceTitle "Corr 2006"]
[Source "ChessBase"]
[SourceDate "2006.04.01"]
[SourceVersion "3"]
[SourceVersionDate "2006.04.01"]
[SourceQuality "1"]

1. e4 e6 2. d4 d5 3. exd5 exd5 4. Nf3 Bg4 5. h3 Qe7+ 6. Be3 Qb4+ 7. Nbd2 Bh5 8. Bd3 Bd6 9. 0-0 Ne7 10. Re1 0-0 11. Bxh7+ Kh8 12. Bd3 Qxb2 13. Rb1 Qxa2 14. c4 Bg6 15. Bxg6 Nxg6 16. Ng5 1-0

[Event "SVK-Cup13 G7 corr"]
[Site "Slovakia"]
[Date "2002.02.05"]
[Round "?"]
[White "Roth, Peter1"]
[Black "Gajarsky, Martin"]
[Result "0-1"]
[WhiteElo "1901"]
[BlackElo "2025"]
[PlyCount "25"]
[EventDate "2002.02.01"]
[EventType "tourn (corr)"]
[EventRounds "12"]
[EventCountry "SVK"]
[SourceTitle "Corr 2006"]
[Source "ChessBase"]
[SourceDate "2006.04.01"]
[SourceVersion "3"]
[SourceVersionDate "2006.04.01"]
[SourceQuality "1"]

1. e4 c5 2. Nf3 Nc6 3. d4 cxd4 4. Nxd4 Nf6 5. Nc3 e5 6. Nf3 Bb4 7. Bd3 d5 8. Bd2 Bxc3 9. bxc3 dxe4 10. Bb5 exf3 11. Qxf3 Qb6 12. Ba4 0-0 13. Bb3 0-1

[Event "PSG G3 email"]
[Site "Slovakia"]
[Date "2000.??.??"]
[Round "?"]
[White "Gajarsky, Martin"]
[Black "Bujdak, Pavol"]
[Result "1/2-1/2"]
[WhiteElo "1300"]
[BlackElo "1915"]
[PlyCount "125"]
[EventDate "2000.??.??"]
[EventType "tourn (corr)"]
[EventRounds "5"]
[EventCountry "SVK"]
[SourceTitle "Corr 2002"]
[Source "ChessBase"]
[SourceDate "2002.05.23"]
[SourceVersion "1"]
[SourceVersionDate "2002.05.23"]
[SourceQuality "1"]

1. d4 Nf6 2. c4 e6 3. Nc3 Bb4 4. Qc2 0-0 5. a3 Bxc3+ 6. Qxc3 b6 7. Bg5 Bb7 8. Nf3 h6 9. Bh4 d5 10. e3 Nbd7 11. b4 Rc8 12. c5 c6 13. Bd3 g5 14. Bg3 Ne4 15. Qc2 f5 16. Ne5 Nxg3 17. hxg3 Nxe5 18. dxe5 Kg7 19. Rc1 Qc7 20. Qc3 Ra8 21. Qd4 b5 22. Kd2 a5 23. Rh5 Rh8 24. Rch1 Bc8 25. Bc2 Qf7 26. f3 axb4 27. axb4 Ra2 28. Kd1 Bd7 29. g4 f4 30. R1h2 Be8 31. exf4 Qxf4 32. Qxf4 gxf4 33. R5h4 Bg6 34. Bxg6 Kxg6 35. Kc1 Ra4 36. g5 Rxb4 37. gxh6 Rc4+ 38. Kb2 Kh7 39. Rg4 Rg8 40. Rxg8 Kxg8 41. Rh4 Kh7 42. Kb3 Ra4 43. Kb2 Rc4 44. Kb3 Rxc5 45. Rxf4 Kxh6 46. Rf6+ Kg5 47. g3 d4 48. f4+ Kg4 49. Rxe6 Rc3+ 50. Kb4 Rc4+ 51. Kb3 c5 52. Re8 Rc3+ 53. Kb2 Re3 54. e6 Re2+ 55. Kb1 d3 56. e7 Re1+ 57. Kb2 d2 58. Rd8 Rxe7 59. Rxd2 c4 60. Kc3 Kxg3 61. Rb2 Re3+ 62. Kd4 Rd3+ 63. Ke4 1/2-1/2

[Event "PSG G3 email"]
[Site "Slovakia"]
[Date "2000.??.??"]
[Round "?"]
[White "Gajarsky, Martin"]
[Black "Petrla, Peter"]
[Result "1/2-1/2"]
[WhiteElo "1300"]
[BlackElo "1300"]
[PlyCount "57"]
[EventDate "2000.??.??"]
[EventType "tourn (corr)"]
[EventRounds "5"]
[EventCountry "SVK"]
[SourceTitle "Corr 2002"]
[Source "ChessBase"]
[SourceDate "2002.05.23"]
[SourceVersion "1"]
[SourceVersionDate "2002.05.23"]
[SourceQuality "1"]

1. d4 d5 2. c4 dxc4 3. Nc3 e5 4. e3 exd4 5. exd4 Qe7+ 6. Qe2 Na6 7. a3 Be6 8. d5 Bf5 9. Qxe7+ Bxe7 10. Bxc4 Nc5 11. Nb5 Bd8 12. d6 c6 13. Nd4 Bd3 14. Nb3 Nxb3 15. Bxb3 Nf6 16. Bd2 Bb6 17. 0-0-0 0-0-0 18. Bf4 Bg6 19. Nh3 Bc5 20. Bc4 Ne4 21. d7+ Rxd7 22. Rxd7 Kxd7 23. Rd1+ Kc8 24. f3 Nf2 25. Nxf2 Bxf2 26. b4 Rd8 27. Rxd8+ Kxd8 28. a4 c5 29. b5 1/2-1/2